<?xml version='1.0' encoding='UTF-8'?>
  <record xmlns="http://www.loc.gov/MARC21/slim">
    <leader>00000cam a2200000 i 4500</leader>
    <controlfield tag="001">on1464039601</controlfield>
    <controlfield tag="003">OCoLC</controlfield>
    <controlfield tag="005">20250702183406.2</controlfield>
    <controlfield tag="008">241029m14751476be            000 0 lat d</controlfield>
    <datafield tag="040" ind1=" " ind2=" ">
      <subfield code="a">S2H</subfield>
      <subfield code="b">eng</subfield>
      <subfield code="e">rda</subfield>
      <subfield code="e">dcrmr</subfield>
      <subfield code="c">S2H</subfield>
      <subfield code="d">OCLCO</subfield>
      <subfield code="d">QGJ</subfield>
      <subfield code="d">OCLCO</subfield>
      <subfield code="d">QGJ</subfield>
      <subfield code="d">OCLCO</subfield>
      <subfield code="d">QGJ</subfield>
      <subfield code="d">OCLCO</subfield>
    </datafield>
    <datafield tag="035" ind1=" " ind2=" ">
      <subfield code="a">(OCoLC)1464039601</subfield>
    </datafield>
    <datafield tag="050" ind1=" " ind2="4">
      <subfield code="a">BZ7771</subfield>
    </datafield>
    <datafield tag="100" ind1="1" ind2=" ">
      <subfield code="a">Torquemada, Juan de,</subfield>
      <subfield code="d">1388-1468,</subfield>
      <subfield code="e">author.</subfield>
      <subfield code="4">aut</subfield>
      <subfield code="1">https://id.oclc.org/worldcat/entity/E39PBJcccpjKMVPBCHYKJvjjYP</subfield>
    </datafield>
    <datafield tag="240" ind1="1" ind2="0">
      <subfield code="a">Tractatus contra principales errores perfidi Mahometi</subfield>
    </datafield>
    <datafield tag="245" ind1="1" ind2="0">
      <subfield code="a">Tractatus co[n]tra pri[n]cipales errores p[er]fidi macho[m]eti turcoru[m]</subfield>
    </datafield>
    <datafield tag="246" ind1="3" ind2=" ">
      <subfield code="a">Contra principales errores Mahometi et Turcorum Sarracenorum</subfield>
    </datafield>
    <datafield tag="246" ind1="1" ind2=" ">
      <subfield code="i">Title according to Gesamtkatalog der Wiegendrucke:</subfield>
      <subfield code="a">Epistola ad Rabbi Isaac seu rationes ad reprobandos Iudaeorum errores.</subfield>
    </datafield>
    <datafield tag="264" ind1=" " ind2="1">
      <subfield code="a">[Brussels] :</subfield>
      <subfield code="b">[Fratres Vitae Communis],</subfield>
      <subfield code="c">[between 1475 and 25 May 1476]</subfield>
    </datafield>
    <datafield tag="300" ind1=" " ind2=" ">
      <subfield code="a">6 parts ([60]; [36]; [38]; [20]; [30]; [26] leaves) ;</subfield>
      <subfield code="c">296 mm (folio)</subfield>
    </datafield>
    <datafield tag="336" ind1=" " ind2=" ">
      <subfield code="a">text</subfield>
      <subfield code="b">txt</subfield>
      <subfield code="2">rdacontent</subfield>
    </datafield>
    <datafield tag="337" ind1=" " ind2=" ">
      <subfield code="a">unmediated</subfield>
      <subfield code="b">n</subfield>
      <subfield code="2">rdamedia</subfield>
    </datafield>
    <datafield tag="338" ind1=" " ind2=" ">
      <subfield code="a">volume</subfield>
      <subfield code="b">nc</subfield>
      <subfield code="2">rdacarrier</subfield>
    </datafield>
    <datafield tag="340" ind1=" " ind2=" ">
      <subfield code="m">folio</subfield>
      <subfield code="2">rdabf</subfield>
    </datafield>
    <datafield tag="500" ind1=" " ind2=" ">
      <subfield code="a">Title from incipit, which reads: Tractatus co[n]tra pri[n]cipales errores p[er]fidi macho[m]eti turcoru[m] siue saracenoru[m] festina[n]ter copulatus p[er] reuerendissimu[m] dominu[m] iohane[m] de turre cremata romane ecclesie tituli s[anc]te marie tra[n]s tiberi p[res]b[yte]r[u]m cardinalem sancti sixti vulgariter nu[n]cupatum.</subfield>
    </datafield>
    <datafield tag="500" ind1=" " ind2=" ">
      <subfield code="a">The tracts can be found in any order, and may have been issued separately (Goff).</subfield>
    </datafield>
    <datafield tag="500" ind1=" " ind2=" ">
      <subfield code="a">Alphonsus Boni Hominis claims only to translate the Epistola of Rabbi Samuel but 'it seems he himself was the author, drawing largely from another tract in Arabic' (Encyclopaedia Judaica).</subfield>
    </datafield>
    <datafield tag="500" ind1=" " ind2=" ">
      <subfield code="a">Signatures: [pi² a-d¹⁰ e⁸ f¹⁰ (pi1 and f10 blank); a-c¹⁰ d⁶ (d6 blank); a-c¹⁰ d⁸ (d7-8 blank); a-b¹⁰ (b10 blank); a-c¹⁰; a¹⁰ b-c⁸ (c7-8 blank)].</subfield>
    </datafield>
    <datafield tag="500" ind1=" " ind2=" ">
      <subfield code="a">Imprint from ISTC.</subfield>
    </datafield>
    <datafield tag="500" ind1=" " ind2=" ">
      <subfield code="a">Text printed in two types; in two columns of 37/39 lines; with initial spaces and guide letters.</subfield>
    </datafield>
    <datafield tag="500" ind1=" " ind2=" ">
      <subfield code="a">First line of table of contents: "Tabula libroru[m] in hoc voluminine co[n]teno[rum] incipit.</subfield>
    </datafield>
    <datafield tag="500" ind1=" " ind2=" ">
      <subfield code="a">Without pagination or signatures.</subfield>
    </datafield>
    <datafield tag="500" ind1=" " ind2=" ">
      <subfield code="a">According to Alblas the tabula and tracts by Athanasius and Eusebius are printed in type 1a (95m.M.) used by the Fratres Vitae Communis, whereas the other tracts are printed in type 1 used by the printer of Dares in Cologne, mixed with some letters used by Veldenaer as well as some letters from the aforementioned type 1a.</subfield>
    </datafield>
    <datafield tag="505" ind1="0" ind2="0">
      <subfield code="g">Pi1(blank) - pi2r (verso blank?);</subfield>
      <subfield code="t">Tabula --</subfield>
      <subfield code="g">a1r-f9r (verso and f10 blank)</subfield>
      <subfield code="t">Turrecremata, Johannes de. Contra principales errores Mahometi et Turcorum Sarracenorum --</subfield>
      <subfield code="g">a1r-d5r (verso and d6 blank)</subfield>
      <subfield code="t">Dionysius Carthusiensis. Dialogus Christiani contra Sarracenum, --</subfield>
      <subfield code="g">a1r</subfield>
      <subfield code="t">Tabula, --</subfield>
      <subfield code="g">a1v</subfield>
      <subfield code="t">Nota --</subfield>
      <subfield code="g">a2r-b7r (verso blank)</subfield>
      <subfield code="t">Samuel, Rabbi. Contra errores Judaeorum / tr: Alphonsus Boni Hominis --</subfield>
      <subfield code="g">b8r-d6r (verso and d7-8 blank)</subfield>
      <subfield code="t">Nicolaus de Lyra. Quaestio de probatione per scripturas a Judaeis receptas,  --</subfield>
      <subfield code="g">a1r-4v</subfield>
      <subfield code="t">Prosper Aquitanus. Responsiones contra objectiones Vincentianos--</subfield>
      <subfield code="g">a4v-9v</subfield>
      <subfield code="t">Prosper Aquitanus. Responsiones ad excerpta quae de Genuensi civitate sunt missa --</subfield>
      <subfield code="g">a9v-b9v (b10 blank)</subfield>
      <subfield code="t">Augustinus. [De octo Dulcitii quaestionibus] Responsiones S. Augustini ad dulcitium de octo quaestionibus ab eo missis --</subfield>
      <subfield code="g">a1r-c10v</subfield>
      <subfield code="t">Athanasius. Contra haereticos --</subfield>
      <subfield code="g">a1r-c6r (verso and c7-8 blank)</subfield>
      <subfield code="t">Eusebius Caesariensis. Legenda S. Sylvestri.</subfield>
    </datafield>
    <datafield tag="510" ind1="4" ind2=" ">
      <subfield code="a">Alblas, J. Incunabelen Rijksuniversiteit te Utrecht,</subfield>
      <subfield code="c">450</subfield>
    </datafield>
    <datafield tag="510" ind1="4" ind2=" ">
      <subfield code="a">Bibliothèque nationale (France). Catalogue des incunables (CIBN),</subfield>
      <subfield code="c">T-365</subfield>
    </datafield>
    <datafield tag="510" ind1="4" ind2=" ">
      <subfield code="a">BM 15th cent.,</subfield>
      <subfield code="c">IX, p. 170</subfield>
    </datafield>
    <datafield tag="510" ind1="4" ind2=" ">
      <subfield code="a">Campbell (III &amp; IV),</subfield>
      <subfield code="c">1503a = 1168a = 189 + 712 (= 1099) + 1447</subfield>
    </datafield>
    <datafield tag="510" ind1="4" ind2=" ">
      <subfield code="a">Catalogue of books printed in the fifteenth century now in the Bodleian Library, Oxford,</subfield>
      <subfield code="c">T-264</subfield>
    </datafield>
    <datafield tag="510" ind1="4" ind2=" ">
      <subfield code="a">Catalogue of the fifteenth-century printed books in the University Library, Cambridge,</subfield>
      <subfield code="c">3840-3846</subfield>
    </datafield>
    <datafield tag="510" ind1="4" ind2=" ">
      <subfield code="a">Copinger, W.A. Supplement to Hain’s Repertorium bibliographicum,</subfield>
      <subfield code="c">716 + 1990 + 2359 + 3725 + 4892 + 5259</subfield>
    </datafield>
    <datafield tag="510" ind1="4" ind2=" ">
      <subfield code="a">Gesamtkatalog der Wiegendrucke,</subfield>
      <subfield code="c">M39869</subfield>
      <subfield code="u">https://www.gesamtkatalogderwiegendrucke.de/docs/M39869.htm</subfield>
    </datafield>
    <datafield tag="510" ind1="4" ind2=" ">
      <subfield code="a">Goff, F.R. Incunabula in American libraries,</subfield>
      <subfield code="c">T543</subfield>
    </datafield>
    <datafield tag="510" ind1="4" ind2=" ">
      <subfield code="a">Incunabula printed in the Low Countries,</subfield>
      <subfield code="c">2119</subfield>
    </datafield>
    <datafield tag="510" ind1="4" ind2=" ">
      <subfield code="a">Incunabula in Dutch libraries,</subfield>
      <subfield code="c">4503</subfield>
    </datafield>
    <datafield tag="510" ind1="4" ind2=" ">
      <subfield code="a">Incunabula short title catalogue,</subfield>
      <subfield code="c">it00543000</subfield>
      <subfield code="u">https://data.cerl.org/istc/it00543000</subfield>
    </datafield>
    <datafield tag="510" ind1="4" ind2=" ">
      <subfield code="a">Polain, M.-L. Catalogue des livres imprimés au quinzième siècle des bibliothèques de Belgique,</subfield>
      <subfield code="c">3877</subfield>
    </datafield>
    <datafield tag="600" ind1="0" ind2="0">
      <subfield code="a">Sylvester</subfield>
      <subfield code="b">I,</subfield>
      <subfield code="c">Pope,</subfield>
      <subfield code="d">-335.</subfield>
    </datafield>
    <datafield tag="650" ind1=" " ind2="0">
      <subfield code="a">Apologetics</subfield>
      <subfield code="v">Early works to 1800.</subfield>
    </datafield>
    <datafield tag="650" ind1=" " ind2="0">
      <subfield code="a">Islam</subfield>
      <subfield code="x">Controversial literature</subfield>
      <subfield code="v">Early works to 1800.</subfield>
    </datafield>
    <datafield tag="650" ind1=" " ind2="0">
      <subfield code="a">Judaism</subfield>
      <subfield code="v">Controversial literature</subfield>
      <subfield code="v">Early works to 1800.</subfield>
    </datafield>
    <datafield tag="650" ind1=" " ind2="6">
      <subfield code="a">Apologétique</subfield>
      <subfield code="v">Ouvrages avant 1800.</subfield>
    </datafield>
    <datafield tag="650" ind1=" " ind2="6">
      <subfield code="a">Islam</subfield>
      <subfield code="x">Ouvrages de controverse</subfield>
      <subfield code="v">Ouvrages avant 1800.</subfield>
    </datafield>
    <datafield tag="650" ind1=" " ind2="6">
      <subfield code="a">Judaïsme</subfield>
      <subfield code="v">Ouvrages de controverse</subfield>
      <subfield code="v">Ouvrages avant 1800.</subfield>
    </datafield>
    <datafield tag="600" ind1="0" ind2="7">
      <subfield code="a">Sylvester</subfield>
      <subfield code="b">I,</subfield>
      <subfield code="c">Pope,</subfield>
      <subfield code="d">-335</subfield>
      <subfield code="2">fast</subfield>
      <subfield code="1">https://id.oclc.org/worldcat/entity/E39PBJmtD9PT8XHcBwHctwWkXd</subfield>
    </datafield>
    <datafield tag="650" ind1=" " ind2="7">
      <subfield code="a">Apologetics</subfield>
      <subfield code="2">fast</subfield>
    </datafield>
    <datafield tag="650" ind1=" " ind2="7">
      <subfield code="a">Islam</subfield>
      <subfield code="x">Controversial literature</subfield>
      <subfield code="2">fast</subfield>
    </datafield>
    <datafield tag="650" ind1=" " ind2="7">
      <subfield code="a">Judaism</subfield>
      <subfield code="2">fast</subfield>
    </datafield>
    <datafield tag="655" ind1=" " ind2="7">
      <subfield code="a">incunabula (books)</subfield>
      <subfield code="2">aat</subfield>
    </datafield>
    <datafield tag="655" ind1=" " ind2="7">
      <subfield code="a">Controversial literature</subfield>
      <subfield code="2">fast</subfield>
    </datafield>
    <datafield tag="655" ind1=" " ind2="7">
      <subfield code="a">Incunables.</subfield>
      <subfield code="2">rvmgf</subfield>
    </datafield>
    <datafield tag="700" ind1="0" ind2="2">
      <subfield code="i">Container of (work):</subfield>
      <subfield code="a">Denis,</subfield>
      <subfield code="c">the Carthusian,</subfield>
      <subfield code="d">1402-1471.</subfield>
      <subfield code="t">Dialogus christiani contra Saracenum.</subfield>
    </datafield>
    <datafield tag="700" ind1="0" ind2="2">
      <subfield code="i">Container of (work):</subfield>
      <subfield code="a">Samuel,</subfield>
      <subfield code="c">Marochitanus.</subfield>
      <subfield code="t">Epistola contra Judaeorum errores.</subfield>
    </datafield>
    <datafield tag="700" ind1="0" ind2=" ">
      <subfield code="a">Alfonsus Bonihominis,</subfield>
      <subfield code="c">Bishop of Marrakech,</subfield>
      <subfield code="d">-1353,</subfield>
      <subfield code="e">attributed name,</subfield>
      <subfield code="e">author.</subfield>
      <subfield code="4">att</subfield>
      <subfield code="4">aut</subfield>
      <subfield code="1">https://id.oclc.org/worldcat/entity/E39PBJp9xYkPwQR96fbG69byBP</subfield>
    </datafield>
    <datafield tag="700" ind1="0" ind2="2">
      <subfield code="i">Container of (work):</subfield>
      <subfield code="a">Nicholas,</subfield>
      <subfield code="c">of Lyra,</subfield>
      <subfield code="d">approximately 1270-1349.</subfield>
      <subfield code="t">Quaestio de probatione per scripturas a Judaeis receptas quod mysterium Christi a lege sit impletum.</subfield>
    </datafield>
    <datafield tag="700" ind1="0" ind2="2">
      <subfield code="i">Container of (work):</subfield>
      <subfield code="a">Prosper,</subfield>
      <subfield code="c">of Aquitaine, Saint,</subfield>
      <subfield code="d">approximately 390-approximately 463.</subfield>
      <subfield code="t">Responsiones contra objectiones Vincentianos.</subfield>
    </datafield>
    <datafield tag="700" ind1="0" ind2="2">
      <subfield code="i">Container of (work):</subfield>
      <subfield code="a">Prosper,</subfield>
      <subfield code="c">of Aquitaine, Saint,</subfield>
      <subfield code="d">approximately 390-approximately 463.</subfield>
      <subfield code="t">Responsiones ad excerpta quae de Genuensi civitate sunt missa.</subfield>
      <subfield code="1">https://id.oclc.org/worldcat/entity/E39PBJwMCVg7VXfJ6FCHxpWbh3</subfield>
    </datafield>
    <datafield tag="700" ind1="0" ind2="2">
      <subfield code="i">Container of (work):</subfield>
      <subfield code="a">Augustine,</subfield>
      <subfield code="c">of Hippo, Saint,</subfield>
      <subfield code="d">354-430.</subfield>
      <subfield code="t">De octo Dulcitii quaestionibus.</subfield>
    </datafield>
    <datafield tag="700" ind1="0" ind2=" ">
      <subfield code="a">Athanasius,</subfield>
      <subfield code="c">Saint, Patriarch of Alexandria,</subfield>
      <subfield code="d">-373,</subfield>
      <subfield code="e">attributed name.</subfield>
      <subfield code="4">att</subfield>
      <subfield code="1">https://id.oclc.org/worldcat/entity/E39PBJmpdjpXVHttKcK3r3dqQq</subfield>
    </datafield>
    <datafield tag="700" ind1="0" ind2=" ">
      <subfield code="a">Vigilius,</subfield>
      <subfield code="c">Bishop of Thapsus,</subfield>
      <subfield code="d">active 5th century,</subfield>
      <subfield code="e">attributed name.</subfield>
      <subfield code="4">att</subfield>
      <subfield code="1">https://id.oclc.org/worldcat/entity/E39PCjFcpckYR4y9KDTpfYQkj3</subfield>
    </datafield>
    <datafield tag="700" ind1="0" ind2="2">
      <subfield code="i">Container of (work):</subfield>
      <subfield code="a">Eusebius,</subfield>
      <subfield code="c">of Caesarea, Bishop of Caesarea,</subfield>
      <subfield code="d">approximately 260-approximately 340.</subfield>
      <subfield code="t">Legenda S. Sylvestri.</subfield>
      <subfield code="1">https://id.oclc.org/worldcat/entity/E39PBJdRwHHtGFw4bJRR6p7T73</subfield>
    </datafield>
    <datafield tag="710" ind1="2" ind2=" ">
      <subfield code="a">Fratres Vitae Communis (Brussels, Belgium),</subfield>
      <subfield code="e">printer.</subfield>
      <subfield code="4">prt</subfield>
    </datafield>
    <datafield tag="740" ind1="0" ind2=" ">
      <subfield code="a">Dyalogus christiani contra Saracenum</subfield>
    </datafield>
    <datafield tag="740" ind1="0" ind2=" ">
      <subfield code="a">Questio de probatione per scripturas</subfield>
    </datafield>
    <datafield tag="740" ind1="0" ind2=" ">
      <subfield code="a">Contra haereticos</subfield>
    </datafield>
    <datafield tag="752" ind1=" " ind2=" ">
      <subfield code="a">Belgium</subfield>
      <subfield code="d">Brussels,</subfield>
      <subfield code="e">publication place.</subfield>
      <subfield code="4">pup</subfield>
    </datafield>
    <datafield tag="758" ind1=" " ind2=" ">
      <subfield code="i">has work:</subfield>
      <subfield code="a">Tractatus contra principales errores perfidi Mahometi (Text)</subfield>
      <subfield code="1">https://id.oclc.org/worldcat/entity/E39PCGPKj3VGjpfPVqxV63XDbd</subfield>
      <subfield code="4">https://id.oclc.org/worldcat/ontology/hasWork</subfield>
    </datafield>
  </record>